| 000 | 00547nam a2200217Ia 4500 | ||
|---|---|---|---|
| 003 | OSt | ||
| 005 | 20220928112706.0 | ||
| 006 | a|||||r|||| 00| 0 | ||
| 007 | ta | ||
| 008 | 220927b |||||||| |||| 00| 0 eng d | ||
| 024 | _a18335 | ||
| 037 | _cTextual | ||
| 040 |
_aSDCL _cSDCL _beng |
||
| 041 |
_2eng _aeng |
||
| 082 | _a4, P2 | ||
| 245 | 0 |
_aDEEWAN-E- sarai 01 _b Media bimarsh hindi janpad |
|
| 260 |
_aDelhi _bBani Prakashan _c2002 |
||
| 300 |
_av,235p. _ccm. |
||
| 942 |
_h4, P2 _cTEXL _2CC |
||
| 999 |
_c745786 _d745786 |
||